000 00296nam a2200109Ia 4500
008 200302s9999 xx 000 0 und d
100 _aB.D.Jenkins
245 _aElectrical Installation Calculations -- 2Nd Edition
260 _bThe Electrical Contracts Assosiation
260 _c1998
300 _a177
999 _c4667
_d4667